000 00460nam a2200181Ia 4500
008 131103s9999 xx 000 0 und d
040 _aLoreto College
041 _aEnglish
082 _a891.432/BHA
_bLCLIB/
100 _aBhatt,Udayshankar
245 _aDhumshikha
_cUdayshankar Bhatt
260 _aDelhi
_bGautam Book Depot
_c1946
300 _a167 p.
_c 18 cm.
650 _aHindi - Drama
651 _aDrama - Hindi
850 _aLCLIB
942 _cBK
999 _c18644
_d69123